[Event "CZE-chT1W 2223"]
[Site "Czech Republic"]
[Date "2022.10.09"]
[Round "1.2"]
[White "Cerveny, Martin"]
[Black "Riha, Vojtech"]
[Result "1/2-1/2"]
[WhiteElo "2404"]
[BlackElo "2251"]
[PlyCount "105"]
[EventDate "2022.10.09"]
[EventType "team-tourn"]
[EventRounds "11"]
[EventCountry "CZE"]
[SourceTitle "CBM 210 Extra"]
[Source "ChessBase"]
[SourceDate "2022.11.30"]
[SourceVersion "1"]
[SourceVersionDate "2022.11.30"]
[SourceQuality "1"]
[WhiteTeam "Lysa nad Labem II"]
[BlackTeam "Polabiny II"]
[WhiteTeamCountry "CZE"]
[BlackTeamCountry "CZE"]

1. d4 Nf6 2. Nf3 g6 3. c4 Bg7 4. Nc3 d6 5. Bg5 0-0 6. e3 Nbd7 7. Qc2 c6 8. Be2 e5 9. 0-0 Re8 10. b4 Qc7 11. a4 Nf8 12. Rfd1 Bf5 13. Qb3 Ne4 14. Nxe4 Bxe4 15. dxe5 dxe5 16. Nd2 Bf5 17. c5 b6 18. cxb6 axb6 19. Rac1 c5 20. Bb5 Rec8 21. bxc5 bxc5 22. Bh4 Nd7 23. Nc4 Nb6 24. Nd6 Be6 25. Qa3 Rcb8 26. Rxc5 Qa7 27. Bc6 Nxa4 28. Bxa8 Qxc5 29. Qxa4 Bb3 30. Qd7 Rxa8 31. h3 Qc2 32. Rf1 Qd3 33. Rc1 Be6 34. Qb7 Qd5 35. Qc7 h6 36. Be7 e4 37. Rb1 Be5 38. g4 Kh7 39. Kg2 Qd2 40. Qc1 Qe2 41. Qd1 Qxd1 42. Rxd1 f5 43. gxf5 gxf5 44. Bh4 Bb3 45. Rb1 Rg8+ 46. Bg3 Bxd6 47. Rxb3 Bxg3 48. fxg3 h5 49. Kf2 Ra8 50. g4 fxg4 51. hxg4 Rf8+ 52. Kg2 Rf3 53. gxh5 1/2-1/2

[Event "CZE-chT 2122"]
[Site "Czech Republic"]
[Date "2021.12.19"]
[Round "6.5"]
[White "Riha, Vojtech"]
[Black "Liska, Jiri2222"]
[Result "1-0"]
[WhiteElo "2279"]
[BlackElo "2298"]
[PlyCount "59"]
[EventDate "2021.10.15"]
[EventType "team-tourn"]
[EventRounds "15"]
[EventCountry "CZE"]
[SourceTitle "EXT 2023"]
[Source "ChessBase"]
[SourceDate "2022.10.05"]
[SourceVersion "1"]
[SourceVersionDate "2022.10.05"]
[SourceQuality "1"]
[WhiteTeam "Pardubice"]
[BlackTeam "Turnov Zikuda"]
[WhiteTeamCountry "CZE"]
[BlackTeamCountry "CZE"]

1. e4 c5 2. Nf3 Nc6 3. Bb5 g6 4. 0-0 Bg7 5. Re1 Qb6 6. Bxc6 dxc6 7. Nc3 e5 8. h3 Qc7 9. d3 Nf6 10. Be3 b6 11. a3 Qd6 12. b4 Nd7 13. Nd2 Ba6 14. Nc4 Qe6 15. Qe2 Bxc4 16. dxc4 cxb4 17. axb4 0-0 18. Red1 Rfc8 19. Qd3 Nf6 20. b5 Bf8 21. Ra4 cxb5 22. cxb5 Bc5 23. Bxc5 Rxc5 24. Rda1 Rac8 25. R1a3 R8c7 26. Rxa7 Kg7 27. Rxc7 Rxc7 28. Nd5 Qd6 29. Nxc7 Qxc7 30. Rc3 1-0

[Event "CZE-chT 2122"]
[Site "Czech Republic"]
[Date "2021.10.17"]
[Round "2.6"]
[White "Kalod, Radek"]
[Black "Riha, Vojtech"]
[Result "0-1"]
[WhiteElo "2473"]
[BlackElo "2279"]
[PlyCount "112"]
[EventDate "2021.10.15"]
[EventType "team-tourn"]
[EventRounds "15"]
[EventCountry "CZE"]
[SourceTitle "CBM 204 Extra"]
[Source "ChessBase"]
[SourceDate "2021.11.30"]
[SourceVersion "1"]
[SourceVersionDate "2021.11.30"]
[SourceQuality "1"]
[WhiteTeam "Novoborsky"]
[BlackTeam "Pardubice"]
[WhiteTeamCountry "CZE"]
[BlackTeamCountry "CZE"]

1. e4 c5 2. Nf3 Nc6 3. Bb5 g6 4. c3 Bg7 5. d4 Qb6 6. Bxc6 dxc6 7. h3 Nf6 8. Qe2 0-0 9. 0-0 cxd4 10. cxd4 c5 11. d5 e6 12. Nc3 exd5 13. exd5 Bf5 14. Rd1 Rad8 15. Be3 Rfe8 16. Rac1 Bh6 17. Qd2 Bxe3 18. fxe3 c4 19. Nd4 Bd3 20. b3 Qc5 21. bxc4 Bxc4 22. Qc2 Bxd5 23. Qf2 Qe7 24. Rf1 Ne4 25. Nxd5 Rxd5 26. Qf4 Rc5 27. Rxc5 Nxc5 28. Rf3 Ne6 29. Qg4 Nxd4 30. exd4 Rd8 31. Qf4 Kg7 32. h4 Rd5 33. Kf2 b5 34. g4 h6 35. Kg3 b4 36. Re3 Qxh4+ 37. Kxh4 g5+ 38. Qxg5+ hxg5+ 39. Kh5 Rxd4 40. Kxg5 Rd2 41. a3 a5 42. axb4 axb4 43. Rb3 Rd4 44. Kf5 Rc4 45. Rd3 Rc5+ 46. Ke4 Kg6 47. Rd6+ Kg5 48. Rd7 Rc4+ 49. Ke5 Rf4 50. Rd1 f6+ 51. Ke6 b3 52. Rd5+ Kxg4 53. Rb5 Rf3 54. Rb8 f5 55. Ke5 Re3+ 56. Kd4 f4 0-1

[Event "CZE-ch rapid U20"]
[Site "Ceska Trebova"]
[Date "2020.09.20"]
[Round "8"]
[White "Havelka, Ondrej"]
[Black "Riha, Vojtech"]
[Result "0-1"]
[WhiteElo "2007"]
[BlackElo "2141"]
[PlyCount "94"]
[EventDate "2020.09.19"]
[EventType "swiss (rapid)"]
[EventRounds "9"]
[EventCountry "CZE"]
[SourceTitle "CBM 198 Extra"]
[Source "ChessBase"]
[SourceDate "2020.11.30"]
[SourceVersion "1"]
[SourceVersionDate "2020.11.30"]
[SourceQuality "1"]

1. d4 Nf6 2. c4 g6 3. Nc3 Bg7 4. e4 d6 5. h3 0-0 6. Be3 e5 7. d5 a5 8. g4 Na6 9. Nge2 c6 10. Ng3 cxd5 11. cxd5 Bd7 12. Qd2 a4 13. f3 Qa5 14. h4 Rac8 15. Bxa6 Qxa6 16. a3 Rc4 17. h5 Rfc8 18. hxg6 fxg6 19. g5 Nh5 20. Nxh5 gxh5 21. Rxh5 Be8 22. Rh1 b5 23. Kf2 b4 24. axb4 Rxb4 25. Rhc1 Qb7 26. Nd1 Rb8 27. Ra3 Bh5 28. Rac3 Rf8 29. Rc8 Rxc8 30. Rxc8+ Qxc8 31. Qxb4 Qh3 32. Qxa4 Qxf3+ 33. Kg1 Qxd1+ 34. Qxd1 Bxd1 35. b4 Bf3 36. Bb6 Bxe4 37. Bc7 Bf8 38. b5 Bxd5 39. b6 Kf7 40. Kf2 Kg6 41. Bd8 Kf5 42. Ke3 Bb7 43. Kd3 d5 44. Bf6 Bc5 45. Bd8 Ba6+ 46. Kc3 d4+ 47. Kd2 e4 0-1

[Event "CZE-ch rapid U20"]
[Site "Ceska Trebova"]
[Date "2020.09.20"]
[Round "7"]
[White "Riha, Vojtech"]
[Black "Jun, Rudolf Jr"]
[Result "1/2-1/2"]
[WhiteElo "2141"]
[BlackElo "1825"]
[PlyCount "40"]
[EventDate "2020.09.19"]
[EventType "swiss (rapid)"]
[EventRounds "9"]
[EventCountry "CZE"]
[SourceTitle "CBM 198 Extra"]
[Source "ChessBase"]
[SourceDate "2020.11.30"]
[SourceVersion "1"]
[SourceVersionDate "2020.11.30"]
[SourceQuality "1"]

1. e4 e6 2. d4 d5 3. Nd2 dxe4 4. Nxe4 b6 5. Nf3 Bb7 6. Bd3 Nd7 7. 0-0 Ngf6 8. Qe2 Be7 9. c3 0-0 10. h3 c5 11. Nxf6+ Nxf6 12. dxc5 Bxc5 13. Bf4 Bd6 14. Ne5 Nd5 15. Bh2 g6 16. f4 Bc5+ 17. Kh1 Ne3 18. Rg1 Nf5 19. Rgd1 Ne3 20. Rg1 Nf5 1/2-1/2

[Event "CZE-ch rapid U20"]
[Site "Ceska Trebova"]
[Date "2020.09.20"]
[Round "9"]
[White "Slovak, Kilian"]
[Black "Riha, Vojtech"]
[Result "1/2-1/2"]
[WhiteElo "2156"]
[BlackElo "2141"]
[PlyCount "93"]
[EventDate "2020.09.19"]
[EventType "swiss (rapid)"]
[EventRounds "9"]
[EventCountry "CZE"]
[SourceTitle "CBM 198 Extra"]
[Source "ChessBase"]
[SourceDate "2020.11.30"]
[SourceVersion "1"]
[SourceVersionDate "2020.11.30"]
[SourceQuality "1"]

1. e4 e6 2. d4 d5 3. Nc3 Bb4 4. exd5 exd5 5. Bd3 Nf6 6. Nge2 0-0 7. 0-0 c6 8. a3 Bd6 9. Bf4 Bg4 10. f3 Bh5 11. Qd2 Bg6 12. Bxd6 Qxd6 13. Bxg6 hxg6 14. Rfe1 Nbd7 15. Qf4 Qxf4 16. Nxf4 Rfe8 17. Kf2 Kf8 18. Nd3 Rxe1 19. Rxe1 Re8 20. Rxe8+ Kxe8 21. Na4 Ke7 22. Nac5 b6 23. Nxd7 Nxd7 24. h4 Kd6 25. Ke3 c5 26. dxc5+ bxc5 27. b3 a5 28. Nb2 Nb6 29. g4 Ke5 30. Nd3+ Kd6 31. f4 f6 32. g5 d4+ 33. Ke4 f5+ 34. Kf3 Nd7 35. Nb2 Kd5 36. Nc4 a4 37. Nd2 Nb6 38. Ke2 c4 39. bxc4+ Nxc4 40. Nxc4 Kxc4 41. Kd2 Kc5 42. Ke2 Kd6 43. Kd2 Kc6 44. Ke2 Kd6 45. Kd2 Kc6 46. Ke2 Kd6 47. Kd2 1/2-1/2

[Event "CZE-ch rapid U20"]
[Site "Ceska Trebova"]
[Date "2020.09.19"]
[Round "6"]
[White "Riha, Vojtech"]
[Black "Svanda, Ondrej"]
[Result "1-0"]
[WhiteElo "2141"]
[BlackElo "1973"]
[PlyCount "49"]
[EventDate "2020.09.19"]
[EventType "swiss (rapid)"]
[EventRounds "9"]
[EventCountry "CZE"]
[SourceTitle "CBM 198 Extra"]
[Source "ChessBase"]
[SourceDate "2020.11.30"]
[SourceVersion "1"]
[SourceVersionDate "2020.11.30"]
[SourceQuality "1"]

1. e4 Nf6 2. e5 Nd5 3. d4 d6 4. Nf3 c6 5. Be2 Bg4 6. 0-0 Bxf3 7. Bxf3 dxe5 8. dxe5 e6 9. Qe2 Nd7 10. Re1 Qc7 11. c4 Ne7 12. b3 Ng6 13. Bb2 Bb4 14. Nd2 Ngxe5 15. Rad1 Nxf3+ 16. Qxf3 0-0 17. Ne4 f6 18. Re3 Nc5 19. a3 Nxe4 20. Qxe4 Bc5 21. Rh3 h6 22. b4 Be7 23. Qxe6+ Rf7 24. Rd7 Rd8 25. Rhd3 1-0

[Event "CZE-ch"]
[Site "Plzen"]
[Date "2020.08.30"]
[Round "8"]
[White "Novotny, Michal"]
[Black "Riha, Vojtech"]
[Result "0-1"]
[WhiteElo "2246"]
[BlackElo "2270"]
[PlyCount "81"]
[EventDate "2020.08.23"]
[EventType "swiss"]
[EventRounds "9"]
[EventCountry "CZE"]
[SourceTitle "CBM 198 Extra"]
[Source "ChessBase"]
[SourceDate "2020.11.30"]
[SourceVersion "1"]
[SourceVersionDate "2020.11.30"]
[SourceQuality "1"]

1. d4 Nf6 2. Nc3 d5 3. Bf4 e6 4. e3 a6 5. g4 c5 6. g5 Nfd7 7. h4 Nc6 8. Qd2 b5 9. Nf3 Nb6 10. h5 Bd7 11. h6 g6 12. Ne5 Nxe5 13. Bxe5 Rg8 14. Bf6 Qc7 15. dxc5 Bxc5 16. a3 Rc8 17. Rh4 Bc6 18. 0-0-0 Nd7 19. Bd4 Be7 20. f4 b4 21. axb4 Bxb4 22. Qf2 Qa5 23. Kd2 Nc5 24. Bd3 Bb5 25. Bxc5 Bxc3+ 26. bxc3 Rxc5 27. Ke2 Qxc3 28. Kf3 Ke7 29. Rhh1 Rgc8 30. Rd2 a5 31. Rb1 Bc6 32. Rb3 Qa1 33. Rb6 a4 34. Kg3 a3 35. Ra6 Ra8 36. e4 d4 37. f5 Rxa6 38. Bxa6 a2 39. f6+ Ke8 40. Qf4 Qg1+ 41. Rg2 0-1

[Event "CZE-ch U20"]
[Site "Kouty nad Desnou"]
[Date "2020.03.12"]
[Round "8"]
[White "Riha, Vojtech"]
[Black "Bulockin, Martin"]
[Result "1/2-1/2"]
[WhiteElo "2306"]
[BlackElo "2218"]
[PlyCount "60"]
[EventDate "2020.03.06"]
[EventType "tourn"]
[EventRounds "11"]
[EventCountry "CZE"]
[SourceTitle "CBM 195 Extra"]
[Source "ChessBase"]
[SourceDate "2020.05.31"]
[SourceVersion "1"]
[SourceVersionDate "2020.05.31"]
[SourceQuality "1"]

1. e4 c5 2. Ne2 Nc6 3. Nbc3 Nf6 4. g3 d5 5. exd5 Nxd5 6. Bg2 e6 7. 0-0 Nxc3 8. bxc3 Be7 9. Rb1 0-0 10. d3 Qc7 11. Bf4 Bd6 12. Qd2 Rb8 13. d4 cxd4 14. cxd4 Rd8 15. Bxd6 Rxd6 16. c4 b6 17. Qf4 Ne7 18. c5 Rd7 19. Qxc7 Rxc7 20. Nc3 Ba6 21. Nb5 Bxb5 22. Rxb5 g6 23. a4 Nf5 24. cxb6 Rxb6 25. Rxb6 axb6 26. Rb1 Rc4 27. d5 exd5 28. Bxd5 Rxa4 29. Rxb6 Ra1+ 30. Kg2 Ra5 1/2-1/2

[Event "CZE-ch U20"]
[Site "Kouty nad Desnou"]
[Date "2020.03.11"]
[Round "7"]
[White "Riha, Vojtech"]
[Black "Brejnik, Gustav"]
[Result "1-0"]
[WhiteElo "2306"]
[BlackElo "2259"]
[PlyCount "79"]
[EventDate "2020.03.06"]
[EventType "tourn"]
[EventRounds "11"]
[EventCountry "CZE"]
[SourceTitle "CBM 195 Extra"]
[Source "ChessBase"]
[SourceDate "2020.05.31"]
[SourceVersion "1"]
[SourceVersionDate "2020.05.31"]
[SourceQuality "1"]

1. e4 e5 2. Nf3 Nc6 3. d4 exd4 4. Nxd4 Nf6 5. Nxc6 bxc6 6. e5 Qe7 7. Qe2 Nd5 8. c4 Ba6 9. b3 g6 10. f4 Bg7 11. Qf2 Nf6 12. Be2 Ne4 13. Qf3 f5 14. Ba3 Qe6 15. Nc3 Nxc3 16. Qxc3 d6 17. Qa5 Qc8 18. Bf3 Bb7 19. 0-0 0-0 20. Rad1 c5 21. exd6 Bxf3 22. Rxf3 Bd4+ 23. Rxd4 cxd4 24. Qd5+ Rf7 25. dxc7 Qe8 26. Bb2 Qe4 27. Qd8+ Rf8 28. Qxd4 Qxd4+ 29. Bxd4 Rf7 30. Be5 Rd7 31. b4 Kf7 32. Ra3 Rd1+ 33. Kf2 Ke6 34. Rxa7 Re8 35. b5 Rb1 36. Rb7 Ra8 37. Rb8 Rxa2+ 38. Kg3 Rb3+ 39. Kh4 g5+ 40. Kh5 1-0

[Event "CZE-ch U20"]
[Site "Kouty nad Desnou"]
[Date "2020.03.08"]
[Round "3"]
[White "Riha, Vojtech"]
[Black "Stinka, Jakub"]
[Result "1/2-1/2"]
[WhiteElo "2306"]
[BlackElo "2263"]
[PlyCount "126"]
[EventDate "2020.03.06"]
[EventType "tourn"]
[EventRounds "11"]
[EventCountry "CZE"]
[SourceTitle "CBM 195 Extra"]
[Source "ChessBase"]
[SourceDate "2020.05.31"]
[SourceVersion "1"]
[SourceVersionDate "2020.05.31"]
[SourceQuality "1"]

1. e4 c5 2. b4 cxb4 3. a3 b3 4. cxb3 d5 5. exd5 Nf6 6. Nc3 Nxd5 7. Qf3 Nf6 8. Bb5+ Nbd7 9. d4 g6 10. Qe2 Bg7 11. Nf3 0-0 12. 0-0 a6 13. Bd3 Nb6 14. h3 Be6 15. b4 Rc8 16. Bd2 Bc4 17. Rac1 Bxd3 18. Qxd3 Nc4 19. Na4 b5 20. Nc5 e5 21. dxe5 Qxd3 22. Nxd3 Nd7 23. Bf4 Nxa3 24. Rfe1 Nc4 25. e6 fxe6 26. Rxe6 Ndb6 27. Be3 Nxe3 28. Rxc8 Rxc8 29. Rxb6 Nc2 30. Rxa6 Rd8 31. Nc5 Nxb4 32. Rb6 Bf8 33. Rxb5 Rd1+ 34. Kh2 Bd6+ 35. g3 Bxc5 36. Rxc5 Nd3 37. Rc8+ Kg7 38. Rc7+ Kg8 39. Kg2 Ne1+ 40. Nxe1 Rxe1 41. g4 g5 42. Rc5 h6 43. h4 gxh4 44. Rh5 Kg7 45. Rxh4 Kg6 46. Rh5 Ra1 47. Rb5 Ra4 48. Kg3 Rc4 49. Rb6+ Kg7 50. f4 Rc3+ 51. Kh4 Rc1 52. f5 Rh1+ 53. Kg3 Rf1 54. Rb7+ Kg8 55. Ra7 h5 56. Kh4 hxg4 57. Kxg4 Rb1 58. Kg5 Rb6 59. f6 Rb1 60. Kg6 Rg1+ 61. Kf5 Rf1+ 62. Kg6 Rg1+ 63. Kf5 Rf1+ 1/2-1/2

[Event "CZE-chT1W 1920"]
[Site "Czech Republic"]
[Date "2019.10.20"]
[Round "1.5"]
[White "Riha, Vojtech"]
[Black "Plesek, Jiri"]
[Result "1-0"]
[WhiteElo "2131"]
[BlackElo "2049"]
[PlyCount "87"]
[EventDate "2019.10.20"]
[EventType "team-tourn"]
[EventRounds "11"]
[EventCountry "CZE"]
[SourceTitle "CBM 192 Extra"]
[Source "Chessbase"]
[SourceDate "2019.11.06"]
[SourceVersion "1"]
[SourceVersionDate "2019.11.06"]
[SourceQuality "1"]
[WhiteTeam "Polabiny II"]
[BlackTeam "Pankrac"]
[WhiteTeamCountry "CZE"]
[BlackTeamCountry "CZE"]

1. e4 c6 2. d4 d5 3. e5 c5 4. dxc5 e6 5. Nf3 Bxc5 6. Bd3 Nc6 7. c3 Qc7 8. Qe2 f6 9. Bf4 g5 10. Bg3 g4 11. Nd4 Bxd4 12. cxd4 Nxd4 13. Qxg4 Qc1+ 14. Qd1 Qxd1+ 15. Kxd1 f5 16. f4 Bd7 17. Nc3 Ne7 18. Bf2 Nec6 19. Kd2 Rb8 20. Rac1 b5 21. Bxd4 Nxd4 22. Ke3 Nc6 23. Nxd5 exd5 24. e6 d4+ 25. Kd2 Bxe6 26. Rxc6 Bd5 27. Re1+ Kd7 28. Rf6 Rbf8 29. Bxb5+ Kc7 30. Re7+ Kb8 31. Rxf8+ Rxf8 32. g3 h5 33. Re8+ Rxe8 34. Bxe8 Bf3 35. Kd3 Kc7 36. Kxd4 Kd6 37. Ke3 Bg4 38. Bb5 Kc5 39. Be2 Bxe2 40. Kxe2 Kd4 41. h3 a5 42. g4 fxg4 43. hxg4 hxg4 44. Kf2 1-0

[Event "Tatry op"]
[Site "Tatranske Zruby"]
[Date "2019.10.04"]
[Round "8"]
[White "Talpa, Pavel"]
[Black "Riha, Vojtech"]
[Result "0-1"]
[WhiteElo "1876"]
[BlackElo "2131"]
[PlyCount "86"]
[EventDate "2019.09.28"]
[EventType "swiss"]
[EventRounds "9"]
[EventCountry "SVK"]
[SourceTitle "EXT 2020"]
[Source "ChessBase"]
[SourceDate "2019.10.17"]
[SourceVersion "1"]
[SourceVersionDate "2019.10.17"]
[SourceQuality "1"]

1. d4 Nf6 2. e3 g6 3. g3 Bg7 4. Bg2 d6 5. Nf3 0-0 6. Nbd2 Nbd7 7. 0-0 c6 8. c4 e5 9. dxe5 dxe5 10. Nb3 Qe7 11. Nfd2 e4 12. f3 exf3 13. Nxf3 Re8 14. Nfd4 Ne5 15. Qc2 c5 16. Nb5 Be6 17. Nd2 a6 18. Nc3 Nxc4 19. Nxc4 Bxc4 20. Re1 Rad8 21. Rd1 b5 22. b3 Rxd1+ 23. Nxd1 Bd5 24. Rb1 Ne4 25. Bb2 Bxb2 26. Qxb2 Qg5 27. Bxe4 Bxe4 28. Rc1 Bc6 29. Qf2 Qd5 30. Kf1 Re5 31. g4 h5 32. Nc3 Qh1+ 33. Qg1 Qf3+ 34. Qf2 Rxe3 35. Qxf3 Rxf3+ 36. Ke1 hxg4 37. Ne2 Re3 38. Kd2 Re5 39. Nf4 Bf3 40. Rc3 g5 41. Nd3 Re2+ 42. Kc1 Rxh2 43. Rxc5 f6 0-1

[Event "Tatry op"]
[Site "Tatranske Zruby"]
[Date "2019.10.03"]
[Round "7"]
[White "Riha, Vojtech"]
[Black "Vojta, Tomas"]
[Result "0-1"]
[WhiteElo "2131"]
[BlackElo "2363"]
[PlyCount "144"]
[EventDate "2019.09.28"]
[EventType "swiss"]
[EventRounds "9"]
[EventCountry "SVK"]
[SourceTitle "EXT 2020"]
[Source "ChessBase"]
[SourceDate "2019.10.17"]
[SourceVersion "1"]
[SourceVersionDate "2019.10.17"]
[SourceQuality "1"]

1. e4 d5 2. exd5 Qxd5 3. Nc3 Qd6 4. d4 Nf6 5. Nf3 Bg4 6. h3 Bh5 7. g4 Bg6 8. Ne5 Nbd7 9. Nb5 Qb6 10. Be3 Nd5 11. Nxd7 Kxd7 12. c4 Nxe3 13. fxe3 a6 14. Nc3 Qxb2 15. Rc1 e6 16. c5 Be7 17. Be2 Bh4+ 18. Kf1 Ke7 19. c6 b5 20. Rh2 Rhd8 21. Rg2 Qa3 22. Qd2 Bg5 23. Nd1 Be4 24. Rf2 Qd6 25. Bd3 Bxd3+ 26. Qxd3 Qg3 27. Qxh7 Bf6 28. Rg2 Qf3+ 29. Kg1 Rh8 30. Qc2 Rxh3 31. g5 Rah8 32. gxf6+ gxf6 33. Nf2 Qxe3 34. Kf1 Rf3 35. Rd1 Qc3 36. Qe2 Re3 37. Qg4 Qc4+ 38. Kg1 Qxc6 39. Qf4 Qc3 40. Rf1 Re1 41. Qxf6+ Kxf6 42. Ne4+ Ke7 43. Nxc3 Rh1+ 44. Kxh1 Rxf1+ 45. Kh2 Rf3 46. Rc2 Rd3 47. Ne2 Kd6 48. Kg2 b4 49. Kf2 a5 50. Ke1 c6 51. Kf2 f6 52. Ke1 e5 53. dxe5+ fxe5 54. Nc1 Re3+ 55. Kd2 Rh3 56. Rc4 Kd5 57. Rg4 c5 58. Rg8 a4 59. Rd8+ Kc4 60. Nd3 Rh2+ 61. Ke3 e4 62. Ne5+ Kc3 63. Rc8 Kb2 64. Rxc5 Kxa2 65. Kxe4 b3 66. Nc4 a3 67. Kd3 b2 68. Rb5 Rh1 69. Kd2 b1Q 70. Rxb1 Rxb1 71. Kc2 Rb8 72. Nd2 Rb2+ 0-1

[Event "EU-ch U18"]
[Site "Bratislava"]
[Date "2019.08.05"]
[Round "4"]
[White "Horak, Jan"]
[Black "Riha, Vojtech"]
[Result "1/2-1/2"]
[WhiteElo "2044"]
[BlackElo "2197"]
[PlyCount "86"]
[EventDate "2019.08.02"]
[EventType "swiss"]
[EventRounds "9"]
[EventCountry "SVK"]
[SourceTitle "CBM 191 Extra"]
[Source "ChessBase"]
[SourceDate "2019.09.30"]
[SourceVersion "1"]
[SourceVersionDate "2019.09.30"]
[SourceQuality "1"]

1. d4 Nf6 2. g3 g6 3. Bg2 Bg7 4. e4 d6 5. Ne2 0-0 6. 0-0 e5 7. Nbc3 c6 8. a4 Nbd7 9. h3 Re8 10. Re1 h5 11. Be3 exd4 12. Nxd4 a5 13. Qd2 Ne5 14. b3 Qc7 15. Rad1 Ned7 16. Bh6 Nc5 17. Qf4 Be6 18. Nf3 Rad8 19. Bg5 Qe7 20. Qh4 Bc8 21. Nd5 cxd5 22. exd5 Qc7 23. Bxf6 Bxf6 24. Qxf6 Ne4 25. Qb2 Qc5 26. Qd4 Nc3 27. Qxc5 dxc5 28. Rd2 Ne4 29. Rde2 Nd6 30. Nd2 Kf8 31. c4 Bf5 32. Re3 b6 33. Kh2 f6 34. Be4 Bxe4 35. Nxe4 Nf5 36. Nxf6 Nxe3 37. Nxe8 Nc2 38. Rc1 Nd4 39. Nc7 Rd7 40. Ne6+ Nxe6 41. dxe6 Rd3 42. Rb1 Ke7 43. Kg2 Kxe6 1/2-1/2

[Event "EU-ch U18"]
[Site "Bratislava"]
[Date "2019.08.04"]
[Round "3"]
[White "Riha, Vojtech"]
[Black "Novosel, Marko"]
[Result "1/2-1/2"]
[WhiteElo "2197"]
[BlackElo "1935"]
[PlyCount "66"]
[EventDate "2019.08.02"]
[EventType "swiss"]
[EventRounds "9"]
[EventCountry "SVK"]
[SourceTitle "CBM 191 Extra"]
[Source "ChessBase"]
[SourceDate "2019.09.30"]
[SourceVersion "1"]
[SourceVersionDate "2019.09.30"]
[SourceQuality "1"]

1. e4 c5 2. b4 cxb4 3. a3 d5 4. exd5 Qxd5 5. Nf3 e5 6. Bb2 Nf6 7. c4 bxc3 8. Nxc3 Qa5 9. Bc4 Be7 10. 0-0 Nc6 11. Qb3 0-0 12. Rfe1 Bg4 13. Nd5 Bxf3 14. Nxe7+ Nxe7 15. Rxe5 Bd5 16. Rxe7 Bxc4 17. Qxc4 Rae8 18. Rxb7 Qxd2 19. Bxf6 gxf6 20. Rxa7 Re1+ 21. Rxe1 Qxe1+ 22. Qf1 Qc3 23. Qd1 Re8 24. Qg4+ Kh8 25. h3 Rg8 26. Qf5 Qc6 27. g4 Kg7 28. Re7 Qc1+ 29. Kg2 Qxa3 30. Qd5 Rf8 31. g5 Qc3 32. Qf5 fxg5 33. Qxg5+ Kh8 1/2-1/2

[Event "CZE-ch"]
[Site "Ostrava"]
[Date "2019.05.03"]
[Round "7"]
[White "Roubalik, Jakub"]
[Black "Riha, Vojtech"]
[Result "1/2-1/2"]
[WhiteElo "2417"]
[BlackElo "2288"]
[PlyCount "78"]
[EventDate "2019.04.27"]
[EventType "swiss"]
[EventRounds "9"]
[EventCountry "CZE"]
[SourceTitle "CBM 190 Extra"]
[Source "ChessBase"]
[SourceDate "2019.07.15"]
[SourceVersion "1"]
[SourceVersionDate "2019.07.15"]
[SourceQuality "1"]

1. d4 Nf6 2. c4 c5 3. d5 b5 4. Qc2 bxc4 5. e4 e6 6. Bxc4 exd5 7. exd5 d6 8. Nf3 Be7 9. 0-0 0-0 10. Nc3 Nbd7 11. Re1 Nb6 12. Bd3 Bb7 13. Qe2 Nc8 14. Bg5 g6 15. Ba6 Rb8 16. Bxb7 Rxb7 17. Qd3 Ng4 18. Bxe7 Nxe7 19. h3 Nf6 20. Re2 h5 21. Rae1 Nf5 22. b3 Rb4 23. Ne4 Nd4 24. Nxd4 Rxd4 25. Nxf6+ Qxf6 26. Qa6 Rxd5 27. Qxa7 Rf5 28. a4 Qc3 29. Qb6 d5 30. Re3 Qc2 31. R3e2 Qc3 32. a5 d4 33. Rd1 d3 34. Red2 Re5 35. Rxd3 Re1+ 36. Rxe1 Qxe1+ 37. Kh2 Qe5+ 38. Kg1 Qe1+ 39. Kh2 Qe5+ 1/2-1/2